Statistiken für Länder am nächsten zu Finnland - Eine Minute Sprint

Klicken Sie hier um das Quiz zu spielen!

Allgemein

  • Dieses Quiz wurde 219 mal gespielt
  • Das Durchschnittsergebnis liegt bei 15 aus 20

Antwortstatistiken

KmLand% Korrekt
0Norwegen
99%
0Russland
99%
0Schweden
99%
718Deutschland
96%
47Estland
96%
213Lettland
96%
378Litauen
96%
603Polen
96%
575Dänemark
95%
470Weißrussland
87%
879Ukraine
78%
1044Tschechien
76%
1071Niederlande
73%
1315Belgien
69%
1153Slowakei
57%
1256Ungarn
51%
1106Vereinigtes Königreich
43%
1262Österreich
42%
1306Rumänien
33%
1291Moldawien
32%

Verteilung der Resultate

Perzentil nach korrekt beantworteten Fragen

Anzahl Personen mit jedem Resultat

Ihre Resultats-Entwicklung

Sie haben dieses Quiz noch nicht gespielt